Leadership in leisure services : (Record no. 931)
[ view plain ]
| 000 -LEADER | |
|---|---|
| fixed length control field | 00513nam a22001817a 4500 |
| 008 - FIXED-LENGTH DATA ELEMENTS--GENERAL INFORMATION | |
| fixed length control field | 150601b xxu||||| |||| 00| 0 eng d |
| 020 ## - INTERNATIONAL STANDARD BOOK NUMBER | |
| International Standard Book Number | 0910251835 |
| 041 0# - LANGUAGE CODE | |
| Language code of text/sound track or separate title | eng |
| 080 ## - UNIVERSAL DECIMAL CLASSIFICATION NUMBER | |
| Universal Decimal Classification number | 658 JOR |
| 100 1# - Rafti | |
| Rafti | Jordan, Debra Jean, |
| 245 10 - TITLE STATEMENT | |
| Title | Leadership in leisure services : |
| Statement of responsibility, etc | Debra J. Jordan. |
| 260 ## - | |
| -- | State College, PA : |
| -- | Venture Pub., |
| -- | c1996. |
| 300 ## - | |
| -- | 504 f. : |
| -- | me il.; |
| -- | 24 cm. |
| 505 ## - | |
| -- | Index :f. 497-504 |
| 650 #0 - | |
| -- | Udhëheqje |
| 650 #0 - | |
| -- | Organizim |
| 942 ## - ADDED ENTRY ELEMENTS (KOHA) | |
| Source of classification or shelving scheme | |
| Item type | Books |
| Withdrawn status | Lost status | Source of classification or shelving scheme | Damaged status | Not for loan | Collection code | Permanent location | Current location | Shelving location | Date acquired | Total Checkouts | Full call number | Date last seen | Price effective from | Koha item type | Barcode |
|---|---|---|---|---|---|---|---|---|---|---|---|---|---|---|---|
| Koleksioni i përgjithshem | UBT - Lipjan | UBT - Lipjan | Koleksioni i përgjithshem | 03/01/2018 | 790.069 JOR | 03/01/2018 | 03/01/2018 | Books | 002-3000192 | ||||||
| Koleksioni i përgjithshem | UBT - Lipjan | UBT - Lipjan | Koleksioni i përgjithshem | 03/01/2018 | 790.069 JOR | 03/01/2018 | 03/01/2018 | Books | 002-3000197 | ||||||
| Koleksioni i përgjithshem | UBT - Lipjan | UBT - Lipjan | Koleksioni i përgjithshem | 03/01/2018 | 790.069 JOR | 03/01/2018 | 03/01/2018 | Books | 002-3000202 | ||||||
| Koleksioni i përgjithshem | UBT - Lipjan | UBT - Lipjan | Koleksioni i përgjithshem | 03/01/2018 | 790.069 JOR | 03/01/2018 | 03/01/2018 | Books | 002-3000207 | ||||||
| Koleksioni i përgjithshem | UBT - Lipjan | UBT - Lipjan | Koleksioni i përgjithshem | 03/01/2018 | 790.069 JOR | 03/01/2018 | 03/01/2018 | Books | 002-3000355 | ||||||
| Koleksioni i përgjithshem | UBT - Prishtine | UBT - Prishtine | Koleksioni i përgjithshem | 06/01/2015 | 658 JOR | 06/01/2015 | 06/01/2015 | Books |